00000000nim 2200000zi 4500
0019.954214
003CaOODSP
00520250818152219
006m     o  h f      
007cr nna||||||||
008250818s2025    oncnnnn o      t  n fre d
03300|a20250818
040 |aCaOODSP|bfre|erda|cCaOODSP
043 |an-cn---|an-us---
0861 |aCS452-00003/2025-5F-MP3
1001 |aPresley, Laura, |einterviewé.
24510|aHé-coutez bien! : |bÉpisode 27 - les Canadiens ne rêvent pas de la Californie ces temps-ci.
264 1|a[Ottawa] : |b[Statistique Canada], |c[2025]
300 |a1 ressource en ligne (1 fichier sonore (10 min., 25 sec.))
336 |aparole prononcée|bspw|2rdacontent/fre
337 |aaudio|bs|2rdamedia/fre
337 |ainformatique|bc|2rdamedia/fre
338 |aressource en ligne|bcr|2rdacarrier/fre
344 |3Statistique Canada|anumérique|2rdatr
347 |3Statistique Canada|afichier audio|2rdaft
347 |3Statistique Canada|bMP3|c23.8 Mo|f320 kbps
500 |aPublié aussi en anglais sous le titre : Eh sayers episode 27 - Canadians just aren't California dreamin' these days.
500 |aComposante de la baladodiffusion Hé-coutez bien!
500 |aDisponible en streaming audio ou en fichier MP3 téléchargeable.
5110 |aAnnik Lepage, hôte, intervieweur.
518 |aDiffusé initialement le 15 juillet 2025.
520 |a« Si vous avez récemment modifié vos projets de voyage aux États-Unis, vous n’êtes pas seul. Ces derniers temps, les Canadiens sont plus du genre à fredonner «Je reviendrai à Montréal » que « Sweet Home Alabama ». Nous sommes aujourd’hui en compagnie de Laura Presley, qui travaille pour le Programme de la statistique du tourisme à Statistique Canada. Ensemble, nous allons explorer les données sur le tourisme de StatCan et discuter des changements observés en ce qui concerne les voyages » -- Fourni par l'éditeur.
588 |aDescription basée sur la ressource en ligne; titre pris de la page Web de ressource (Statistique Canada, consulté le 18 août 2025).
60010|aPresley, Laura|vEntretiens.
61026|aStatistique Canada|xFonctionnaires|vEntretiens.
650 6|aCanadiens|xVoyages|zÉtats-Unis|vStatistiques.
650 6|aAméricains|xVoyages|zCanada|vStatistiques.
655 7|aÉmissions baladodiffusées|2rvmgf
655 7|aInterviews|2rvmgf
655 7|aEnregistrements sonores|2rvmgf
655 7|aStatistiques|2rvmgf
7001 |aLepage, Annik, |ehôte, |eintervieweur.
7102 |aStatistique Canada, |eorganisme de publication.
77508|tEh sayers episode 27 - Canadians just aren't California dreamin' these days.|w(CaOODSP)9.954213
85640|qMP3|s23.8 Mo|uhttps://publications.gc.ca/collections/collection_2025/statcan/45-20-0003/CS452-00003-2025-5-fra.mp3
8564 |qHTML|sS.O.|uhttps://www.statcan.gc.ca/fr/rb/balados/he-coutez-bien-ep27